LEADER 00878nam0-22003251i-450 001 990001734700403321 005 20201008131430.0 010 $a88-08-05308-3 035 $a000173470 035 $aFED01000173470 035 $a(Aleph)000173470FED01 035 $a000173470 100 $a20030910d1988----km-y0itay50------ba 101 1 $aita$ager 102 $aIT 105 $aa 001yy 200 1 $aLatifoglie$epiante legnose spontanee dell'Europa continentale$fUlrich Hecker 210 $aBologna$cZanichelli$d1988 215 $a318 p.$cill.$d21 cm 610 0 $aLatifoglie 610 0 $aAngiosperme 676 $a583$v23$zita 700 1$aHecker,$bUlrich$075120 801 0$aIT$bUNINA$gRICA$2UNIMARC 901 $aBK 912 $a990001734700403321 952 $a60 583 HECU 1988$b1890$fFAGBC 959 $aFAGBC 996 $aLatifoglie$9365029 997 $aUNINA LEADER 01691nam a2200373 i 4500 001 991001076059707536 005 20020507110217.0 008 951109s1986 fr ||| | fre 020 $a2705660747 (vol. 1) 035 $ab10170248-39ule_inst 035 $aLE00641743$9ExL 040 $aDip.to Fisica$bita 084 $a53(022+076) 084 $a53.1.4 084 $a530.1'2 084 $aQC174.12.C6313 100 1 $aDiu, Bernard$028436 245 10$aMécanique quantique /$cClaude Cohen-Tannoudji, Bernard Diu, Franck Laloë 250 $a3ème éd. revue, corrigée et augmentée 260 $aParis :$bHermann,$c1986 300 $a2 v. (xv, 1517 p. compl.) :$bill. ;$c25 cm. 650 4$aQuantum theory 700 1 $aLaloë, Franck$eauthor$4http://id.loc.gov/vocabulary/relators/aut$0340583 700 1 $aCohen-Tannoudji, Claude$eauthor$4http://id.loc.gov/vocabulary/relators/aut$028326 700 1 $aCohen-Tannoudji, Claude$eauthor$4http://id.loc.gov/vocabulary/relators/aut$028326 907 $a.b10170248$b02-04-14$c27-06-02 912 $a991001076059707536 945 $aLE006 53.1.4 COH$cV. 1$g1$i2006000014007$lle006$o-$pE0.00$q-$rl$s- $t0$u0$v0$w22$x0$y.i10207879$z27-06-02 945 $aLE006 53.1.4 COH$cV. 2$g1$i2006000014014$lle006$o-$pE0.00$q-$rl$s- $t0$u0$v0$w7$x0$y.i10207880$z27-06-02 945 $aLE006 53.1.4 COH$cV. 1$g1$i2006000041294$lle006$o-$pE0.00$q-$rl$s- $t0$u24$v4$w24$x0$y.i10207892$z27-06-02 945 $aLE006 53.1.4 COH$cV. 2$g1$i2006000041348$lle006$o-$pE0.00$q-$rl$s- $t0$u11$v2$w11$x0$y.i10207909$z27-06-02 996 $aMecanique quantique$924867 997 $aUNISALENTO 998 $ale006$b01-01-95$cm$da $e-$ffre$gfr $h0$i4